00804nam a2200205 a 450000100100000000500170001000800410002704000250006808200160009324500860010926000840019530000280027949000440030750000320035150400300038383000510041304900090046495201080047399900170058100002853420200930055009.0110411s2003 dr d 000 0 spa d aDO-SdBNPbspacBNPHU axxxxbP739r03aLa pobreza en la República Dominicana :bdiagnóstico, análisis y propuesta. aSanto Domingo :bFundación para el Desarrollo Integral de la Sociedad,c2003. av. :bgráf. ;c23 cm.1 aPolítica social y desarrollo integral aLa biblioteca posee el v. 1 aBibliografía : p. 75-77 0aPolítica social y desarrollo integral955491 aBNPD 0010718PDaPDbPDcCTd2011-04-11iLF1l0ov. 1p28534-10r2020-06-25w2020-06-25yLFPDZNo se presta c28026d28026